Lev Tolstoi; T1

Đã lưu trong:
書目詳細資料
主要作者: V Sclovski
格式: 圖書
語言:Undetermined
出版: Hà Nội Văn hóa 1978
主題:
標簽: 添加標簽
沒有標簽, 成為第一個標記此記錄!
Thư viện lưu trữ: Trung tâm Học liệu Trường Đại học Cần Thơ
LEADER 00484nam a2200169Ia 4500
001 CTU_15771
008 210402s9999 xx 000 0 und d
082 |a 891.7092 
082 |b S419/T1 
100 |a V Sclovski 
245 0 |a Lev Tolstoi; T1 
245 0 |c V Sclovski; Dịch giả: Hoàng Oanh 
260 |a Hà Nội 
260 |b Văn hóa 
260 |c 1978 
650 |a russian literature - history and criticism 
980 |a Trung tâm Học liệu Trường Đại học Cần Thơ